| 000 -LEADER |
| fixed length control field |
00702nam a22002417a 4500 |
| 003 - CONTROL NUMBER IDENTIFIER |
| control field |
OSt |
| 005 - DATE AND TIME OF LATEST TRANSACTION |
| control field |
20210426101046.0 |
| 008 - FIXED-LENGTH DATA ELEMENTS--GENERAL INFORMATION |
| fixed length control field |
210120s1983 ||||| |||| 00| 0 eng d |
| 020 ## - INTERNATIONAL STANDARD BOOK NUMBER |
| International Standard Book Number |
038518056X |
| 040 ## - CATALOGING SOURCE |
| Original cataloging agency |
eng |
| Language of cataloging |
eng |
| Transcribing agency |
DLC |
| 041 ## - LANGUAGE CODE |
| Language code of text/sound track or separate title |
eng |
| 080 ## - UNIVERSAL DECIMAL CLASSIFICATION NUMBER |
| Universal Decimal Classification number |
2 |
| Item number |
T-46 |
| 100 ## - MAIN ENTRY--PERSONAL NAME |
| 9 (RLIN) |
659 |
| Personal name |
Thomas, Gordon |
| 245 ## - TITLE STATEMENT |
| Title |
Pontiff |
| Remainder of title |
: Inside the Vatican Behind Today's Sensational Headlines |
| Statement of responsibility, etc. |
/ by: Doubleday and Company Inc |
| 250 ## - EDITION STATEMENT |
| Edition statement |
1st edition |
| 260 ## - PUBLICATION, DISTRIBUTION, ETC. |
| Place of publication, distribution, etc. |
Garden City, New York |
| Name of publisher, distributor, etc. |
Doubleday and Company Inc |
| Date of publication, distribution, etc. |
1983 |
| 300 ## - PHYSICAL DESCRIPTION |
| Extent |
461 p. |
| Other physical details |
ill. |
| 365 ## - TRADE PRICE |
| Price amount |
17.95 usd |
| 650 #0 - SUBJECT ADDED ENTRY--TOPICAL TERM |
| 9 (RLIN) |
262 |
| Topical term or geographic name entry element |
Religion |
| Topical term following geographic name entry element |
Holy Bible |
| 653 ## - INDEX TERM--UNCONTROLLED |
| Uncontrolled term |
რელიგია |
| 700 ## - ADDED ENTRY--PERSONAL NAME |
| 9 (RLIN) |
660 |
| Personal name |
Morgan-Witts, Max |
| 942 ## - ADDED ENTRY ELEMENTS (KOHA) |
| Source of classification or shelving scheme |
|
| Koha item type |
Books |
| Edition |
1 |